Лінгвістичні особливості опису природи та оточуючого світу героїв у англійських літературних казках (Запис № 285447)

МАРК-запис
000 -LEADER
fixed length control field 02719nam a22001577a 4500
041 ## - LANGUAGE CODE
Language code of text/sound track or separate title ukr
080 ## - UNIVERSAL DECIMAL CLASSIFICATION NUMBER
Universal Decimal Classification number 09
090 ## - LOCALLY ASSIGNED LC-TYPE CALL NUMBER (OCLC); LOCAL CALL NUMBER (OCLC)
Local cutter number (OCLC) ; Book number/undivided call number, CALL (RLIN) ВОЗ
100 ## - MAIN ENTRY--PERSONAL NAME
Personal name Вознюк, Б. В.
245 ## - TITLE STATEMENT
Title Лінгвістичні особливості опису природи та оточуючого світу героїв у англійських літературних казках
260 ## - PUBLICATION, DISTRIBUTION, ETC. (IMPRINT)
Place of publication, distribution, etc Острог
Name of publisher, distributor, etc КАФ
Date of publication, distribution, etc 2014
300 ## - PHYSICAL DESCRIPTION
Extent 70
520 ## - SUMMARY, ETC.
Summary, etc Вступ.<br/>Розділ І. Англомовна літературна казка: жанрові та текстові характеристики.<br/>1.1. Літературна казка. Особливості англійської літературної казки<br/>1.2. Художній текст як обєкт лінгвістичного аналізу<br/>1.3. Поняття концепту в сучасній лінгвістиці<br/>Розділ ІІ. Лінгвістичний аналіз описів оточуючого світу в англомовних казках.<br/>2.1. Лінгвістичний аналіз концепту ПРИРОДИ в англійських літературних казках.<br/>2.1.1. Синтаксичні особливості опису природи в англомовних казках<br/>2.1.2. Стилістичні особливості опису природи в англомовних казках<br/>2.1.3. Фонетичні особливості опису природи в англомовних казках<br/>2.2. Лінгвістичний аналіз концепту ПРОСТОРУ в англійських літературних казках.<br/>2.2.1. Синтаксичні особливості опису простору в англомовних казках<br/>2.2.2. Стилістичні особливості опису простору в англомовних казках<br/>2.2.3. Фонетичні особливості опису простору в англомовних казках<br/>2.3. Лінгвістичний аналіз концепту ІСТОТИ в англійських літературних казках.<br/>2.3.1. Синтаксичні особливості опису істот в англомовних казках<br/>2.3.2. Стилістичні особливості опису істот в англомовних казках<br/>2.3.3. Фонетичні особливості опису істот в англомовних казках<br/>Висновки.<br/>Список використаної літератури.<br/>Додатки.
-- казка, концепт, природа, простор, істота
650 ## - SUBJECT ADDED ENTRY--TOPICAL TERM
Topical term or geographic name as entry element Research Papers
942 ## - ADDED ENTRY ELEMENTS (KOHA)
Koha item type Книги
Фонди
Withdrawn status Lost status Source of classification or shelving scheme Damaged status Not for loan Home library Current library Date acquired Source of acquisition Cost, normal purchase price Total Checkouts Full call number Barcode Date last seen Price effective from Koha item type
    Universal Decimal Classification     ВІЛ - Відділ іноземн. літератури НБ ВІЛ - Відділ іноземн. літератури НБ 17/06/2014 Акт №8 1.00   09 215474 10/11/2021 17/06/2014 Книги